000 00638nam a2200277Ia 4500
005 20260324122946.0
008 008 260324s9999 xx 000 0 eng d
020 _a9780429253867
037 _aEBOOK
040 _aCRL
040 _beng
040 _cCRL
041 _2eng
041 _aeng
084 _qCRL
100 _aJ.K. Petersen
_91168486
245 0 _aIntroduction to Surveillance Studies
260 _bTaylor and Francis
260 _c2012
365 _a
365 _b170
856 _uhttp://www.taylorfrancis.com/books/9780429253867
942 _cEBOOK
999 _c1761587
_d1761587